| 000 | 01404cam a22003737a 4500 | ||
|---|---|---|---|
| 003 | CHAP | ||
| 005 | 20220817043815.0 | ||
| 008 | 971013s1990 r 00010 spa d | ||
| 010 | _a84996 | ||
| 011 | _a85968 | ||
| 035 | _a96506 | ||
| 040 | _cCHAP | ||
| 082 | 0 | 4 |
_a341.37 _bM42 |
| 110 | 2 |
_aMéxico. Secretaría de Comercio y Fomento Industrial _977155 |
|
| 245 | 1 | 0 |
_aTratado de Libre Comercio en América del Norte : _bmonografías _c/por Secretaría de Comercio y Fomento Industrial |
| 260 |
_aMéxico, D. F. : _bSecretaría de Comercio y Fomento Industrial _c[1990?] |
||
| 300 | _a2 v. | ||
| 590 |
_aBATCH-UPD _b10 _c20130110 _lUCH01 _h1333 |
||
| 590 |
_aBATCH-UPD _b10 _c20130410 _lUCH01 _h0837 |
||
| 590 |
_aBATCH-UPD _b10 _c20130914 _lUCH01 _h1015 |
||
| 590 |
_aCONVERSION _b10 _c20130109 _lUCH01 _h1347 |
||
| 650 | 0 | 4 |
_aCanadá _xComercio _xMéxico. _918230 |
| 650 | 0 | 4 |
_aComercio exterior _zMéxico. _925638 |
| 650 | 0 | 4 |
_aComercio internacional. _925641 |
| 650 | 0 | 4 |
_aE.U.A. _xComercio _xMéxico. _934837 |
| 650 | 0 | 4 |
_aMéxico _xComercio _xCanadá. _976677 |
| 650 | 0 | 4 |
_aMéxico _xComercio _zE.U.A. |
| 650 | 0 | 4 | _aTratado Trilateral de Libre Comercio. |
| 901 | _aBK | ||
| 905 | _aAlejandra Carrasco M. | ||
| 942 | _cLIBRO | ||
| 949 |
_a341.37 M42 _bBC _cLIBRO _d33724000859476 _eLIBRO _fv.2 _h102044 _i96506 _kDon. _sb |
||
| 949 |
_a341.37 M42 _bBC _cLIBRO _d33724000859534 _eLIBRO _fv.1 _h102043 _i96506 _kDon. _si |
||
| 999 |
_c84996 _d84996 |
||